000 00510nam a2200157 i 4500
001 150746
003 ES-MaACL
005 20230906203656.0
007 t|
008 071107s1947 sp ||||1| spa d
245 0 0 _aUniversidad de Oviedo
_b: Facultad de Veterinaria de León.
260 _a[S.l. :
_bs.n.,
_c1947?] (
_eLeón :
_fImp. La Versal)
300 _a16 h., 15 lám. ;
_c27 cm.
710 2 _aUniversidad de Oviedo.
_bFacultad de Veterinaria de León.
_97268
852 _aES-MaACL
_j1662-F-16
_bR.23695
999 _c150746
_d150746